| 000 | 00644nam a22002057a 4500 | ||
|---|---|---|---|
| 003 | OSt | ||
| 005 | 20260224001849.0 | ||
| 008 | 260224b |||||||| |||| 00| 0 eng d | ||
| 020 | _a978-1-59339-396-0 volume | ||
| 040 |
_aDWCL-Main Lib _cOC |
||
| 082 | _aGR. 552 R683 2008 | ||
| 110 |
_aENCYCLOPAEDIA BRITANICA _eCorporate Author |
||
| 245 | _aBritanica illustrated science library : rocks and minerals | ||
| 260 |
_aChicago : _b Encyclopaedia Britanica, _c c2008. |
||
| 300 |
_a101 p. : _b ill. ( col. ) ; _c27 cm. |
||
| 504 | _a1. Includes glossary and index. | ||
| 650 | _aRocks - minerals. | ||
| 650 | _aRocks. | ||
| 942 |
_2ddc _cGR _mGR. _n0 |
||
| 999 |
_c8507 _d8507 |
||